| 000 | 00466cam a22001457a 4500 | ||
|---|---|---|---|
| 008 | 180718b1983 xxu||||| |||| 00| 0 eng d | ||
| 082 | _aAPPPA 82-83 RAM | ||
| 100 | _aRamaswamy, K.S. | ||
| 245 |
_aObjectives and achievements of the damodar valley corporation _cby K.S. Ramaswamy |
||
| 260 |
_aNew Delhi _bIndian Institute of Public Administration _c1983 |
||
| 300 | _a106+p. | ||
| 650 | _aDamodar valley corporation | ||
| 650 | _aAchievement | ||
| 650 | _aObjectives | ||
| 999 |
_c501273 _d501273 |
||